B53_東京から見て南南西にある市区町村 - Statistics

General Stats
  • This quiz has been taken 9 times
  • The average score is 11 of 12
Answer Stats
東京
からの
方位角
東京
からの
距離
都道府県 種類 市区町村名 % Correct
193.0 27.7 神奈川県 横浜市
100%
194.2 45.6 神奈川県 逗子市
100%
206.1 43.8 神奈川県 藤沢市
88%
198.9 43.9 神奈川県 鎌倉市
88%
192.8 48.0 神奈川県 葉山町
88%
196.9 109.4 東京都 大島町
88%
210.7 118.6 静岡県 東伊豆町
88%
212.3 122.7 静岡県 河津町
88%
212.5 130.5 静岡県 下田市
88%
195.7 151.7 東京都 新島村
88%
197.6 173.1 東京都 神津島村
88%
196.7 134.8 東京都 利島村
75%
No matching quizzes found
Score Distribution
Percent of People with Each Score
Percentile by Number Answered
Your Score History
You have not taken this quiz